How Christianity changed the world : formerly titled Under the influence / Alvin J. Schmidt. (Registro nro. 44312)
[ vista simple ]
| 000 -LÍDER | |
|---|---|
| Campo fijo de descripción fija | 021670000a22002170004500 |
| 001 - NÚMERO DE CONTROL | |
| Campo de control | 17662 |
| 020 ## - NÚMERO INTERNACIONAL NORMALIZADO PARA LIBROS | |
| Número Internacional Normalizado del libro | 0-310-2644-9-9 |
| 041 0# - CÓDIGO DE IDIOMA | |
| Código de idioma para texto/pista de sonido o título separado | |
| 082 04 - NÚMERO DE CLASIFICACIÓN DECIMAL DEWEY | |
| Número de clasificación | G 270 S3491h |
| 100 1# - ASIENTO PRINCIPAL--NOMBRE PERSONAL | |
| Nombre personal | Schmidt, Alvin J . |
| 245 10 - TÍTULO | |
| Título del Material | How Christianity changed the world : formerly titled Under the influence / Alvin J. Schmidt. |
| 260 ## - PUBLICACIÓN, DISTRIBUCIÓN, ETC. (PIE DE IMPRENTA) | |
| Lugar de publicación, distribución, etc. | Grand Rapids, MI : Zondervan |
| 300 ## - DESCRIPCIÓN FÍSICA | |
| Extensión | 441 p. |
| 336 ## - CONTENT TYPE | |
| Content type term | texto |
| Content type code | txt |
| Source | rdacontent |
| 337 ## - MEDIA TYPE | |
| Source | rdamedia |
| Media type term | sin mediación |
| Media type code | n |
| 338 ## - CARRIER TYPE | |
| Source | rdacarrier |
| Carrier type term | volumen |
| Carrier type code | nc |
| 505 00 - NOTA DE CONTENIDO | |
| Nota de contenido con formato preestablecido | Summary Charts Chapter 1 Early Christianity Under Roman Emperors / cristianismo temprano Bajo los emperadores romanos. Chapter 2 Mores of Human Life Chapter 3 The Morality of Sex and Marriage / La moral del sexo y el matrimonio. Chapter 4 The Role and Status of Women / El rol y la condición de la Mujer Chapter 5 Development and Maintenance of Christian Charity and Compassion / Desarrollo y Mantenimiento de la caridad cristiana y la compasión Chapter 6 Origin and Development of Hospitals / Origen y Desarrollo de Hospitales. Chapter 7 Milestones in Education: Christianity's Influence / Hitos en la educación: la influencia del cristianismo. Chapter 8 Perspectives of Labor and Economics / Perspectivas de trabajo y economía. Chapter 9 Christian Advocates of Scientific Knowledge Chapter 10 Liberty and Justice / Libertad y Justicia. Chapter 11 Some Prominent American Abolitionists Chapter 12 Christian Art and Architecture / Cristianismo, arte y arquitectura Chapter 13 The Progress of Music During the Christian Era / El Progreso de la música durante la era cristiana. Chapter 14 Some Literary Hallmarks Chapter 15 The Christian Connection to Common Words and Symbols / La Conexión Cristiana de palabras y símbolos Chapter 16 Christian Derivation of Expressions and Sayings |
| 650 14 - ASIENTO SECUNDARIO DE MATERIA - TERMINO TEMÁTICO | |
| Término temático o nombre geográfico como elemento de entrada | CRISTIANISMO - INFLUENCIA \ CIVILIZACION CRISTIANA |
| 942 ## - TIPO DE MATERIAL (KOHA) | |
| Tipo de Item KOHA | Libros General |
| Estado de Material | Estado de Perdido | Estado de Dañado | No para Préstamo | Colección | Tomo | Biblioteca de Origen | Biblioteca Permanente | Fecha de Adquisición | Total de Préstamos | Signatura Topográfica | Código de Barras | Última vez visto | Ejemplar/Existencia | Fecha de Remplazo | Tipo de Material |
|---|---|---|---|---|---|---|---|---|---|---|---|---|---|---|---|
| Colección General | Biblioteca FUSBC | Biblioteca FUSBC | 13/08/2012 | G 270 S3491h | 17644 | 12/12/2019 | 1 | 26/01/2016 | Libros General |
